'R' Medical Terms Quiz Stats

 Plays Quiz Updated Jul 9, 2017

Support Sporcle.
Go Orange.
Score 0/20 Timer 05:00
0 Plays Today
% Correct
Respiratory System
93.1%
Resuscitate
91.5%
Retina
91.4%
Rupture
90.9%
Rigor mortis
89.7%
Radiation
89.5%
Remission
89.3%
Reflex
89.1%
Rectum
88.8%
Rivinus gland
87.7%
% Correct
Radius
87.7%
Radiate
82.5%
Rhinitis
82.3%
Reye's Syndrome
81.5%
Rubeola
78.8%
Retractile
78.3%
Retroclusion
75.4%
Rash
74.7%
Rhinorrhea
72.5%
Rosacea
60.7%

You're not logged in!

Compare scores with friends on all Sporcle quizzes.
OR
Log In
Forgot?

From the Vault

Recording Artist by Debut Album IV

by MD_Law

These artists got off to a hot start.
Remove Ads.
Support Sporcle.
Get the best of Sporcle when you Go Orange. This ad-free experience offers more features, more stats, and more fun while also helping to support Sporcle. Thank you for becoming a member.

Show Comments

Extras

Top Quizzes Today


Score Distribution

Your Account Isn't Verified!

In order to create a playlist on Sporcle, you need to verify the email address you used during registration. Go to your Sporcle Settings to finish the process.

Report this User

Report this user for behavior that violates our Community Guidelines.

Details: